ბათუმის შოთა რუსთაველის სახელმწიფო უნივერსიტეტის ბიბლიოთეკა

ეკონომიკის საფუძვლები (ბიბ.ჩანაწერი № 51379)

000 -LEADER
fixed length control field 01045nam a2200265Ia 4500
001 - CONTROL NUMBER
control field 18363
003 - CONTROL NUMBER IDENTIFIER
control field GE_BSU
008 - FIXED-LENGTH DATA ELEMENTS--GENERAL INFORMATION
fixed length control field 181216s||||||||xx |||||||||||||| ||und||
020 ## - INTERNATIONAL STANDARD BOOK NUMBER
International Standard Book Number 9789941143595
040 ## - CATALOGING SOURCE
Transcribing agency GE_BSU
080 ## - UNIVERSAL DECIMAL CLASSIFICATION NUMBER
Universal Decimal Classification number 330.1(075.8)
100 ## - MAIN ENTRY--PERSONAL NAME
Personal name ვანიშვილი, მერაბ. შანავა,ზვიად
245 ## - TITLE STATEMENT
Title ეკონომიკის საფუძვლები
245 ## - TITLE STATEMENT
Remainder of title მიკროეკონომიკა-მაკროეკონომიკა:სახელმძღვანელო
245 ## - TITLE STATEMENT
Statement of responsibility, etc. მეცნ-რედ. კ. ღურცკაია
260 ## - PUBLICATION, DISTRIBUTION, ETC.
Place of publication, distribution, etc. თბილისი
260 ## - PUBLICATION, DISTRIBUTION, ETC.
Name of publisher, distributor, etc. საზოგადოება ცოდნა
260 ## - PUBLICATION, DISTRIBUTION, ETC.
Date of publication, distribution, etc. 2010
300 ## - PHYSICAL DESCRIPTION
Extent 826გვ.20სმ.
300 ## - PHYSICAL DESCRIPTION
Accompanying material ბიბლ.გვ.818-821
653 ## - INDEX TERM--UNCONTROLLED
Uncontrolled term ეკონომიკის საფუძვლები
653 ## - INDEX TERM--UNCONTROLLED
Uncontrolled term მიკროეკონომიკა-მაკროეკონომიკა
942 ## - ADDED ENTRY ELEMENTS (KOHA)
Koha item type წიგნი
ეგზემპლარები
Withdrawn status Lost status Damaged status Not for loan Date acquired Barcode Date last seen Price effective from Koha item type
        2018-12-17 47013 2018-12-17 2018-12-17 წიგნი
        2018-12-17 47014 2018-12-17 2018-12-17 წიგნი
        2018-12-17 47015 2018-12-17 2018-12-17 წიგნი
        2018-12-17 47016 2018-12-17 2018-12-17 წიგნი
        2018-12-17 47017 2018-12-17 2018-12-17 წიგნი